[Event "DEM U10 2019"]
[Site "Willingen GER"]
[Date "2019.06.12"]
[Round "6"]
[White "Schlange, Jonathan"]
[Black "Yue, Qihang"]
[Result "1-0"]
[Termination "normal"]
[Board "16"]
[WhiteElo "1488"]
[BlackElo "1354"]
[PlyCount "87"]
[WhiteFideId "16287240"]
[BlackFideId "16278968"]
[EventCountry "GER"]
[EventRounds "11"]
[EventType "swiss"]
[EventDate "2019.06.08"]

1. e4 e5 2. Nf3 Nc6 3. Bc4 Bc5 4. c3 Nf6 5. d4 exd4 6. cxd4 Bb4+ 7. Nc3 Bxc3+
8. bxc3 O-O 9. Bg5 h6 10. Bh4 g5 11. Nxg5 hxg5 12. Bxg5 d6 13. Qf3 Kg7 14. h4
Qe7 15. Kf1 Bg4 16. Bxf6+ Qxf6 17. Qxg4+ Qg6 18. Qxg6+ fxg6 19. Ke2 Rae8 20. f3
Kh6 21. Bb5 Rb8 22. Bxc6 bxc6 23. Rab1 Rb6 24. Ke3 Kg7 25. g4 Rf6 26. g5 Rf7
27. f4 Kf8 28. Rb3 Ke7 29. h5 gxh5 30. Rxh5 Rg7 31. f5 Kf7 32. Kf4 c5 33. g6+
Kf6 34. Rxb6 cxb6 35. e5+ dxe5+ 36. dxe5+ Ke7 37. f6+ Kd7 38. fxg7 Kc6 39. g8=Q
a5 40. c4 b5 41. Qc8+ Kb6 42. Rh7 a4 43. Qc7+ Ka6 44. Qa7# 1-0

[Event "DEM U10 2019"]
[Site "Willingen GER"]
[Date "2019.06.12"]
[Round "6"]
[White "Li, David"]
[Black "Gärtner, Alessandro"]
[Result "1-0"]
[Termination "normal"]
[Board "17"]
[WhiteElo "1418"]
[BlackElo "1233"]
[PlyCount "81"]
[WhiteFideId "16287185"]
[BlackFideId "16268024"]
[EventCountry "GER"]
[EventRounds "11"]
[EventType "swiss"]
[EventDate "2019.06.08"]

1. Nf3 d5 2. c4 d4 3. d3 Nc6 4. Bf4 Bf5 5. g3 e6 6. Bg2 Nf6 7. O-O h6 8. Ne5
Nxe5 9. Bxe5 Rb8 10. Qa4+ Nd7 11. Bxd4 c5 12. Be5 b5 13. cxb5 Nxe5 14. b6+ Qd7
15. Qxd7+ Nxd7 16. bxa7 Bd6 17. axb8=Q+ Nxb8 18. Nc3 h5 19. Ne4 Be7 20. h3 Nd7
21. Rfc1 O-O 22. a4 Bxe4 23. Bxe4 Bf6 24. Ra2 Rb8 25. Rc2 Kf8 26. a5 c4 27. a6
c3 28. bxc3 Rb1+ 29. Kg2 Bd8 30. a7 Nb6 31. Rcb2 Rxb2 32. Rxb2 Na8 33. Bxa8 g5
34. Bc6 f5 35. a8=Q Ke7 36. Rb7+ Kd6 37. Qxd8+ Kc5 38. Be8 e5 39. Rc7+ Kb6 40.
Qb8+ Ka5 41. Qb5# 1-0

[Event "DEM U10 2019"]
[Site "Willingen GER"]
[Date "2019.06.12"]
[Round "6"]
[White "Guo, Jacob Tingshen"]
[Black "Brügmann, Nick"]
[Result "1-0"]
[Termination "normal"]
[Board "18"]
[WhiteElo "1420"]
[BlackElo "1415"]
[PlyCount "49"]
[WhiteFideId "16245245"]
[BlackFideId "16287126"]
[EventCountry "GER"]
[EventRounds "11"]
[EventType "swiss"]
[EventDate "2019.06.08"]

1. d4 d5 2. c4 dxc4 3. e3 Nf6 4. Bxc4 e6 5. Nf3 c5 6. O-O a6 7. dxc5 Qxd1 8.
Rxd1 Bxc5 9. Nc3 O-O 10. a4 Nc6 11. h3 b6 12. Ng5 Bb7 13. Bd2 Rfd8 14. Be1 h6
15. Nf3 Nb4 16. Be2 Nbd5 17. Nd4 Rac8 18. Nb3 Be7 19. Rac1 Bd6 20. Nd4 Bb8 21.
Nb3 Be5 22. Nd4 Bb8 23. Nb3 Bc6 24. Bxa6 Rc7 25. e4 1-0

[Event "DEM U10 2019"]
[Site "Willingen GER"]
[Date "2019.06.12"]
[Round "6"]
[White "Goldmann, David"]
[Black "Huang, Luca Hanson"]
[Result "1-0"]
[Termination "normal"]
[Board "19"]
[WhiteElo "1477"]
[BlackElo "1261"]
[PlyCount "103"]
[WhiteFideId "16268920"]
[BlackFideId "16279182"]
[EventCountry "GER"]
[EventRounds "11"]
[EventType "swiss"]
[EventDate "2019.06.08"]

1. e4 c5 2. Nc3 e6 3. g3 a6 4. a4 Nc6 5. Bg2 Qc7 6. d3 Nf6 7. Nge2 Be7 8. f4 d6
9. O-O Rb8 10. Bd2 b5 11. axb5 axb5 12. Qc1 Qb6 13. Be3 Bb7 14. Rd1 Nd4 15. b4
Ng4 16. Bxd4 cxd4 17. Nb1 Ne3 18. Re1 Rc8 19. Na3 e5 20. Bh3 Rc7 21. Qd2 O-O
22. Kf2 d5 23. c3 f6 24. cxd4 exd4 25. Nxd4 Qxd4 26. Qxe3 Qxe3+ 27. Rxe3 Bxb4
28. Nxb5 Re7 29. exd5 Bc5 30. d4 Rxe3 31. Kxe3 Bb4 32. Rb1 Ba5 33. Be6+ Kh8 34.
Nd6 Ba8 35. Nf7+ Kg8 36. Nd8+ Kh8 37. Nc6 Bxc6 38. dxc6 Bc7 39. Rb7 Bd6 40. c7
Bxc7 41. Rxc7 Re8 42. Rc8 Rxc8 43. Bxc8 Kg8 44. d5 Kf8 45. d6 Ke8 46. d7+ Kd8
47. Ke4 g6 48. h4 f5+ 49. Ke5 Ke7 50. Kd5 h5 51. Kc6 Kd8 52. Ba6 1-0

[Event "DEM U10 2019"]
[Site "Willingen GER"]
[Date "2019.06.12"]
[Round "6"]
[White "Theviot, Luca"]
[Black "Jouani, Zakharia"]
[Result "0-1"]
[Termination "normal"]
[Board "20"]
[WhiteElo "1276"]
[BlackElo "1507"]
[PlyCount "92"]
[WhiteFideId "16277449"]
[BlackFideId "16206746"]
[EventCountry "GER"]
[EventRounds "11"]
[EventType "swiss"]
[EventDate "2019.06.08"]

1. e4 c5 2. Nf3 e6 3. d4 cxd4 4. Nxd4 a6 5. c4 Nf6 6. Nc3 Qc7 7. a3 Be7 8. Be3
d6 9. Be2 Nbd7 10. f3 b6 11. Rc1 Bb7 12. O-O O-O 13. Qd2 Rac8 14. Rfd1 Qb8 15.
Bf1 Ne5 16. Na4 Nfd7 17. b4 Bc6 18. Nxc6 Rxc6 19. c5 bxc5 20. bxc5 dxc5 21. f4
Rd6 22. Qe2 Ng6 23. e5 Rxd1 24. Qxd1 Rd8 25. Qe2 c4 26. Qxc4 Bxa3 27. Ra1 Be7
28. Qxa6 Qb4 29. Qc4 Qb7 30. Rc1 h6 31. Qc6 Qb4 32. Qc4 Rb8 33. Qxb4 Rxb4 34.
Nc3 Nxf4 35. Na2 Rb2 36. Bxf4 Rxa2 37. Rc7 Ra7 38. Rxa7 Bc5+ 39. Kh1 Bxa7 40.
Bb5 Nf8 41. g3 Bd4 42. Kg2 g5 43. Bd2 Bxe5 44. Kf3 Kg7 45. Ke4 Ba1 46. h4 f5+
0-1

[Event "DEM U10 2019"]
[Site "Willingen GER"]
[Date "2019.06.12"]
[Round "6"]
[White "Herrmann, Jakob"]
[Black "Kullmann, Max"]
[Result "0-1"]
[Termination "normal"]
[Board "21"]
[WhiteElo "1124"]
[BlackElo "1455"]
[PlyCount "98"]
[WhiteFideId "16287169"]
[BlackFideId "16218574"]
[EventCountry "GER"]
[EventRounds "11"]
[EventType "swiss"]
[EventDate "2019.06.08"]

1. e4 d5 2. exd5 Qxd5 3. Nc3 Qa5 4. d4 c6 5. Bc4 Bf5 6. Nf3 Nf6 7. Bd2 Qc7 8.
Bb3 e6 9. Qe2 Be7 10. O-O-O O-O 11. Nh4 Bg6 12. Nxg6 hxg6 13. g4 Nbd7 14. h4
Rad8 15. h5 gxh5 16. gxh5 Nh7 17. h6 g6 18. Bxe6 fxe6 19. Qxe6+ Rf7 20. Qxg6+
Kf8 21. Rdg1 Ndf6 22. Be3 Re8 23. Ne4 Qd7 24. Nxf6 Bxf6 25. Qg8+ Ke7 26. Qg6
Kd8 27. Rd1 Re6 28. Qg3 Re4 29. Qb8+ Qc8 30. Qxa7 Rd7 31. Kb1 b5 32. Qb6+ Ke8
33. Rhg1 Kf7 34. Qc5 Rd5 35. Qc3 c5 36. Qd3 Qf5 37. Qb3 c4 38. Qc3 Rg4 39. Rxg4
Qxg4 40. Qd2 Ng5 41. c3 Ne4 42. Qe1 Qf5 43. Qh1 Nxf2+ 44. Ka1 Nxh1 45. Rxh1 Qf3
46. Re1 Rf5 47. a3 Bh4 48. h7 Kg7 49. Bh6+ Kxh7 0-1

[Event "DEM U10 2019"]
[Site "Willingen GER"]
[Date "2019.06.12"]
[Round "6"]
[White "Middendorf, Sven-Jonas"]
[Black "Yang, Marco"]
[Result "1-0"]
[Termination "normal"]
[Board "22"]
[WhiteElo "1452"]
[BlackElo "1278"]
[PlyCount "107"]
[WhiteFideId "16287207"]
[BlackFideId "16254260"]
[EventCountry "GER"]
[EventRounds "11"]
[EventType "swiss"]
[EventDate "2019.06.08"]

1. e4 c5 2. Nf3 d6 3. d4 cxd4 4. Nxd4 Nf6 5. Nc3 g6 6. Be3 Bg7 7. Be2 O-O 8. g4
Nc6 9. g5 Ne8 10. Qd2 f6 11. h4 f5 12. Bc4+ Kh8 13. h5 Ne5 14. Qe2 f4 15. Bd2
f3 16. hxg6 Nxg6 17. Qd3 Ne5 18. Qf1 Qb6 19. Ne6 Bxe6 20. Bxe6 Qxb2 21. Rc1 Ng4
22. Qh3 Nh6 23. Nd1 Qd4 24. gxh6 Qxe4+ 25. Ne3 Bd4 26. Rg1 Bxe3 27. Bxe3 Qb4+
28. Kf1 Qb5+ 29. c4 Qb2 30. Qxf3 Nc7 31. Qg4 Nxe6 32. Qxe6 Rxf2+ 33. Bxf2 Qxc1+
34. Kg2 Qg5+ 35. Kh2 Qf4+ 36. Bg3 Qd2+ 37. Rg2 Qg5 38. c5 Qh5+ 39. Qh3 Qxc5 40.
Qg4 Rg8 41. Qxg8+ Kxg8 42. Bxd6+ Kf7 43. Bxc5 b6 44. Rg7+ Ke6 45. Bxe7 a5 46.
Rxh7 b5 47. Bd8 a4 48. Rb7 b4 49. Rxb4 Kd7 50. Rxa4 Kxd8 51. Ra7 Kc8 52. h7 Kb8
53. Rg7 Kc8 54. h8=R# 1-0

[Event "DEM U10 2019"]
[Site "Willingen GER"]
[Date "2019.06.12"]
[Round "6"]
[White "Herrmann, Arthur"]
[Black "Bock, Leonas"]
[Result "1-0"]
[Termination "normal"]
[Board "23"]
[WhiteElo "1233"]
[BlackElo "1363"]
[PlyCount "27"]
[WhiteFideId "16287150"]
[BlackFideId "16287118"]
[EventCountry "GER"]
[EventRounds "11"]
[EventType "swiss"]
[EventDate "2019.06.08"]

1. e4 d5 2. exd5 Qxd5 3. Nc3 Qa5 4. d4 Nf6 5. Bd3 Nc6 6. Nf3 Bg4 7. Be3 O-O-O
8. Be2 e5 9. Bd2 Bxf3 10. Bxf3 Nxd4 11. Ne4 Qb6 12. Bc3 Nb3 13. Bg4+ Kb8 14.
Qxd8# 1-0

[Event "DEM U10 2019"]
[Site "Willingen GER"]
[Date "2019.06.12"]
[Round "6"]
[White "Barthel, Jacob"]
[Black "Birkenheier, Nicolas"]
[Result "0-1"]
[Termination "normal"]
[Board "24"]
[WhiteElo "1150"]
[BlackElo "1160"]
[PlyCount "136"]
[WhiteFideId "16273346"]
[BlackFideId "16287100"]
[EventCountry "GER"]
[EventRounds "11"]
[EventType "swiss"]
[EventDate "2019.06.08"]

1. d4 d5 2. Nf3 Nf6 3. Bf4 c5 4. c3 Nc6 5. e3 cxd4 6. cxd4 Qb6 7. b3 Bf5 8. Be2
e6 9. O-O Be7 10. Nbd2 Rc8 11. Ne5 Nxe5 12. dxe5 Ne4 13. Nxe4 Bxe4 14. Bd3 Bxd3
15. Qxd3 O-O 16. Rac1 Qb4 17. Rc2 Rxc2 18. Qxc2 Qc5 19. Rc1 Rc8 20. Qxc5 Rxc5
21. Rxc5 Bxc5 22. Kf1 Kf8 23. Ke2 Ke7 24. Kd3 Kd7 25. e4 Bxf2 26. exd5 exd5 27.
Be3 Bxe3 28. Kxe3 Ke6 29. Kf4 d4 30. Ke4 d3 31. Kxd3 Kxe5 32. Ke3 f5 33. g3 g5
34. h3 h5 35. a3 a6 36. b4 f4+ 37. gxf4+ gxf4+ 38. Kf3 Kf5 39. a4 b6 40. a5 b5
41. h4 Ke5 42. Kf2 Ke4 43. Ke2 f3+ 44. Kf2 Kf4 45. Kf1 Kg3 46. Kg1 f2+ 47. Kf1
Kxh4 48. Kg2 f1=Q+ 49. Kxf1 Kg3 50. Kg1 h4 51. Kh1 h3 52. Kg1 h2+ 53. Kh1 Kf3
54. Kxh2 Ke4 55. Kg1 Kd4 56. Kf2 Kc4 57. Ke2 Kxb4 58. Kd1 Kxa5 59. Kc2 Kb4 60.
Kb2 a5 61. Ka2 Kc3 62. Ka3 b4+ 63. Ka2 a4 64. Kb1 Kb3 65. Ka1 Kc2 66. Ka2 b3+
67. Ka1 b2+ 68. Ka2 b1=Q+ 0-1

[Event "DEM U10 2019"]
[Site "Willingen GER"]
[Date "2019.06.12"]
[Round "6"]
[White "Brandt, Mattis"]
[Black "Möller, Tom"]
[Result "0-1"]
[Termination "normal"]
[Board "25"]
[WhiteElo "1359"]
[BlackElo "1229"]
[PlyCount "112"]
[WhiteFideId "16267397"]
[BlackFideId "16287215"]
[EventCountry "GER"]
[EventRounds "11"]
[EventType "swiss"]
[EventDate "2019.06.08"]

1. e4 e5 2. Nf3 Nc6 3. Bc4 Bc5 4. c3 Nf6 5. d4 exd4 6. cxd4 Bb4+ 7. Bd2 Nxe4 8.
Bxb4 Nxb4 9. Bxf7+ Kxf7 10. Qb3+ d5 11. Ne5+ Ke6 12. Qxb4 Qf8 13. Qxf8 Rxf8 14.
O-O Bd7 15. Re1 Kd6 16. f3 Ng5 17. Nc3 c6 18. Re2 Ne6 19. Nxd7 Kxd7 20. Rae1
Rae8 21. Na4 b6 22. Rd1 Rf4 23. Red2 c5 24. dxc5 Rxa4 25. Rxd5+ Kc7 26. cxb6+
axb6 27. Rc1+ Kb7 28. Rd7+ Ka6 29. Rc6 Nf4 30. Rdd6 Re1+ 31. Kf2 Re2+ 32. Kf1
Rxb2 33. Rd8 Kb5 34. Rdd6 Ka5 35. Rd8 Raxa2 36. Ra8+ Kb5 37. Rxa2 Rxa2 38. Rc7
Rxg2 39. Rf7 Rxh2 40. Rxf4 Ka5 41. Rg4 g6 42. Re4 b5 43. Re8 b4 44. Ra8+ Kb5
45. Rb8+ Ka4 46. Re8 b3 47. Ra8+ Kb4 48. Kg1 Ra2 49. Re8 b2 50. Re4+ Kc3 51.
Re3+ Kd2 52. Kf2 b1=Q 53. Re2+ Kd3 54. f4 Rxe2+ 55. Kg3 Qg1+ 56. Kh3 Rh2# 0-1

[Event "DEM U10 2019"]
[Site "Willingen GER"]
[Date "2019.06.12"]
[Round "6"]
[White "Rau, Eduard"]
[Black "Shkundin, Maximilian"]
[Result "0-1"]
[Termination "normal"]
[Board "26"]
[WhiteElo "1221"]
[BlackElo "1224"]
[PlyCount "54"]
[WhiteFideId "16287231"]
[BlackFideId "16287258"]
[EventCountry "GER"]
[EventRounds "11"]
[EventType "swiss"]
[EventDate "2019.06.08"]

1. e4 c5 2. Nf3 Nc6 3. Nc3 d6 4. Bb5 Bd7 5. Bxc6 Bxc6 6. d4 cxd4 7. Qxd4 e5 8.
Qd3 Nf6 9. Bg5 Be7 10. Bxf6 Bxf6 11. O-O-O Be7 12. Nd5 Bxd5 13. Qxd5 Qc7 14.
Rd3 O-O 15. Rc3 Qd7 16. Nxe5 Qd8 17. Nf3 b6 18. Qb7 Bg5+ 19. Kb1 Bf6 20. Rc7
Qe8 21. Rd1 Qb5 22. b3 h6 23. c4 Qb4 24. e5 dxe5 25. Rdd7 e4 26. Nd2 Qc3 27.
Rxf7 Qb2# 0-1

[Event "DEM U10 2019"]
[Site "Willingen GER"]
[Date "2019.06.12"]
[Round "6"]
[White "Detjen, Mattes"]
[Black "Buchinger, Alexis"]
[Result "0-1"]
[Termination "normal"]
[Board "27"]
[WhiteElo "1296"]
[BlackElo "1291"]
[PlyCount "79"]
[WhiteFideId "16235690"]
[BlackFideId "16287134"]
[EventCountry "GER"]
[EventRounds "11"]
[EventType "swiss"]
[EventDate "2019.06.08"]

1. e4 c5 2. c3 d5 3. exd5 Qxd5 4. d4 Nf6 5. Nf3 e6 6. Be3 cxd4 7. cxd4 Bb4+ 8.
Nc3 O-O 9. Be2 b6 10. O-O Bxc3 11. bxc3 Ba6 12. Ne5 Bxe2 13. Qxe2 Nbd7 14. Nf3
Rac8 15. Qc2 Ne4 16. Bd2 Nxd2 17. Qxd2 Nf6 18. Rfc1 Ne4 19. Qe3 Qc4 20. Qxe4 b5
21. Ng5 g6 22. Qh4 h5 23. a3 e5 24. Ne4 Qe6 25. d5 Qb6 26. Qg5 f5 27. Ng3 Kf7
28. Re1 Qd6 29. Qd2 h4 30. Nf1 Rh8 31. h3 Rcg8 32. Qc2 Qxd5 33. Rad1 Qe6 34. f4
Qb6+ 35. Qf2 Qxf2+ 36. Kxf2 exf4 37. Kf3 Rc8 38. Kxf4 Rxc3 39. Rd7+ Kf6 40.
Rxa7 0-1

[Event "DEM U10 2019"]
[Site "Willingen GER"]
[Date "2019.06.12"]
[Round "6"]
[White "Lumma, Justus"]
[Black "Jumah, Shayan"]
[Result "1/2-1/2"]
[Termination "normal"]
[Board "28"]
[WhiteElo "1077"]
[BlackElo "1295"]
[PlyCount "50"]
[WhiteFideId "16287193"]
[BlackFideId "16281888"]
[EventCountry "GER"]
[EventRounds "11"]
[EventType "swiss"]
[EventDate "2019.06.08"]

1. e4 e6 2. d4 d5 3. exd5 exd5 4. Bd3 Nf6 5. Bg5 Be7 6. Nf3 Bg4 7. O-O Nbd7 8.
Nbd2 Nf8 9. Re1 Ng6 10. h3 Bh5 11. g4 Bxg4 12. hxg4 Qd6 13. Ne5 b6 14. Nxg6
hxg6 15. Nf3 O-O-O 16. Kg2 Ng8 17. Bxe7 Nxe7 18. Rh1 f6 19. g5 fxg5 20. Nxg5
Qf6 21. Qg4+ Kb8 22. Ne6 Rh5 23. Rxh5 gxh5 24. Qh3 Re8 25. Re1 g6 1/2-1/2

[Event "DEM U10 2019"]
[Site "Willingen GER"]
[Date "2019.06.12"]
[Round "7"]
[White "Grabs, Peter"]
[Black "Arora, Abhiraaj"]
[Result "1-0"]
[Termination "normal"]
[Board "2"]
[WhiteTitle "CM"]
[WhiteElo "1575"]
[BlackElo "1454"]
[WhiteClock "00:49:12"]
[BlackClock "01:06:16"]
[PlyCount "101"]
[WhiteFideId "16203887"]
[BlackFideId "25611054"]
[EventCountry "GER"]
[EventRounds "11"]
[EventType "swiss"]
[EventDate "2019.06.08"]

1. e4 {[%clk 1:15:49]} 1... e5 {[%clk 1:15:54]} 2. Nf3 {[%clk 1:16:17]} 2...
Nc6 {[%clk 1:16:17]} 3. Bb5 {[%clk 1:16:46]} 3... a6 {[%clk 1:16:41]} 4. Bxc6 {
[%clk 1:17:13]} 4... dxc6 {[%clk 1:17:06]} 5. Nc3 {[%clk 1:17:40]} 5... f6 {
[%clk 1:17:03]} 6. d4 {[%clk 1:17:53]} 6... Bg4 {[%clk 1:16:56]} 7. dxe5 {
[%clk 1:13:35]} 7... Qxd1+ {[%clk 1:17:06]} 8. Nxd1 {[%clk 1:12:58]} 8... Bxf3
{[%clk 1:17:17]} 9. gxf3 {[%clk 1:12:58]} 9... fxe5 {[%clk 1:17:32]} 10. f4 {
[%clk 1:11:11]} 10... exf4 {[%clk 1:17:50]} 11. Bxf4 {[%clk 1:11:33]} 11...
O-O-O {[%clk 1:18:07]} 12. f3 {[%clk 1:08:37]} 12... Ne7 {[%clk 1:16:51]} 13.
Ne3 {[%clk 1:00:27]} 13... Ng6 {[%clk 1:16:24]} 14. Bg3 {[%clk 1:00:53]} 14...
Be7 {[%clk 1:14:51]} 15. Ke2 {[%clk 0:50:24]} 15... Bg5 {[%clk 1:13:03]} 16.
Rad1 {[%clk 0:47:23]} 16... Nf4+ {[%clk 1:09:18]} 17. Bxf4 {[%clk 0:47:39]}
17... Bxf4 {[%clk 1:09:34]} 18. h3 {[%clk 0:47:56]} 18... g6 {[%clk 1:05:48]}
19. Ng2 {[%clk 0:44:31]} 19... g5 {[%clk 1:04:16]} 20. Nxf4 {[%clk 0:43:21]}
20... gxf4 {[%clk 1:04:36]} 21. Rxd8+ {[%clk 0:43:25]} 21... Rxd8 { [%clk
1:02:44]} 22. Rg1 {[%clk 0:43:49]} 22... Rd7 {[%clk 1:02:55]} 23. Rg8+ { [%clk
0:44:04]} 23... Rd8 {[%clk 1:03:00]} 24. Rxd8+ {[%clk 0:44:04]} 24... Kxd8
{[%clk 1:03:08]} 25. Kd3 {[%clk 0:44:22]} 25... Kd7 {[%clk 1:03:26]} 26. e5
{[%clk 0:44:33]} 26... c5 {[%clk 1:03:05]} 27. Ke4 {[%clk 0:44:59]} 27... Ke6
{[%clk 1:03:28]} 28. Kxf4 {[%clk 0:45:24]} 28... b5 {[%clk 1:03:39]} 29. Ke4
{[%clk 0:45:47]} 29... a5 {[%clk 1:03:40]} 30. f4 {[%clk 0:46:13]} 30... c6
{[%clk 1:04:03]} 31. f5+ {[%clk 0:46:40]} 31... Ke7 {[%clk 1:04:22]} 32. f6+ {
[%clk 0:46:11]} 32... Ke6 {[%clk 1:04:44]} 33. c4 {[%clk 0:45:33]} 33... a4 {
[%clk 1:04:07]} 34. b3 {[%clk 0:45:23]} 34... h6 {[%clk 1:03:36]} 35. Kf4 {
[%clk 0:45:39]} 35... a3 {[%clk 1:02:31]} 36. Kg4 {[%clk 0:46:02]} 36... b4 {
[%clk 1:01:42]} 37. Kh5 {[%clk 0:46:25]} 37... Kf7 {[%clk 1:01:47]} 38. Kxh6 {
[%clk 0:46:50]} 38... Ke6 {[%clk 1:02:10]} 39. Kg7 {[%clk 0:47:15]} 39... Kxe5
{[%clk 1:02:21]} 40. f7 {[%clk 0:47:42]} 40... Kd4 {[%clk 1:02:45]} 41. f8=Q {
[%clk 0:48:06]} 41... Kc3 {[%clk 1:03:09]} 42. Qf2 {[%clk 0:47:59]} 42... Kd3 {
[%clk 1:03:28]} 43. Kf6 {[%clk 0:48:05]} 43... Kc3 {[%clk 1:03:50]} 44. Ke5 {
[%clk 0:47:54]} 44... Kd3 {[%clk 1:04:06]} 45. Kf4 {[%clk 0:48:02]} 45... Kc3 {
[%clk 1:04:27]} 46. h4 {[%clk 0:47:06]} 46... Kd3 {[%clk 1:04:49]} 47. h5 {
[%clk 0:47:34]} 47... Kc3 {[%clk 1:05:11]} 48. h6 {[%clk 0:48:00]} 48... Kd3 {
[%clk 1:05:29]} 49. h7 {[%clk 0:48:26]} 49... Kc3 {[%clk 1:05:53]} 50. h8=Q+ {
[%clk 0:48:51]} 50... Kd3 {[%clk 1:06:16]} 51. Qh3# {[%clk 0:49:12]} 1-0

[Event "DEM U10 2019"]
[Site "Willingen GER"]
[Date "2019.06.12"]
[Round "7"]
[White "Haubold, Christian Lucas"]
[Black "Sommer, Justus"]
[Result "0-1"]
[Termination "normal"]
[Board "3"]
[WhiteElo "1387"]
[BlackElo "1684"]
[WhiteClock "00:15:04"]
[BlackClock "00:15:37"]
[PlyCount "128"]
[WhiteFideId "16259629"]
[BlackFideId "16245008"]
[EventCountry "GER"]
[EventRounds "11"]
[EventType "swiss"]
[EventDate "2019.06.08"]

1. e4 {[%clk 1:15:58]} 1... e5 {[%clk 1:14:24]} 2. Nf3 {[%clk 1:16:18]} 2...
Nc6 {[%clk 1:14:42]} 3. Bc4 {[%clk 1:15:58]} 3... Bc5 {[%clk 1:14:49]} 4. c3 {
[%clk 1:15:32]} 4... Nf6 {[%clk 1:14:46]} 5. d4 {[%clk 1:15:43]} 5... exd4 {
[%clk 1:14:50]} 6. cxd4 {[%clk 1:16:01]} 6... Bb4+ {[%clk 1:15:12]} 7. Bd2 {
[%clk 1:15:45]} 7... Bxd2+ {[%clk 1:15:27]} 8. Nbxd2 {[%clk 1:16:06]} 8... d5 {
[%clk 1:15:31]} 9. exd5 {[%clk 1:15:33]} 9... Nxd5 {[%clk 1:15:41]} 10. O-O {
[%clk 1:13:43]} 10... O-O {[%clk 1:15:11]} 11. Rc1 {[%clk 1:10:43]} 11... Bg4 {
[%clk 1:10:55]} 12. h3 {[%clk 1:10:18]} 12... Bh5 {[%clk 1:11:09]} 13. Qb3 {
[%clk 0:55:07]} 13... Na5 {[%clk 1:07:42]} 14. Qa4 {[%clk 0:48:07]} 14... Nxc4
{[%clk 1:07:16]} 15. Qxc4 {[%clk 0:48:25]} 15... c6 {[%clk 1:07:29]} 16. Rfe1 {
[%clk 0:45:16]} 16... f6 {[%clk 0:59:14]} 17. Qb3 {[%clk 0:42:13]} 17... Rb8 {
[%clk 0:53:41]} 18. Qa3 {[%clk 0:39:16]} 18... a6 {[%clk 0:49:06]} 19. Qc5 {
[%clk 0:36:09]} 19... Qb6 {[%clk 0:46:14]} 20. Qxb6 {[%clk 0:31:58]} 20... Nxb6
{[%clk 0:46:24]} 21. g4 {[%clk 0:31:25]} 21... Bf7 {[%clk 0:44:22]} 22. b3 {
[%clk 0:30:43]} 22... Nd5 {[%clk 0:41:13]} 23. Ra1 {[%clk 0:27:06]} 23... Nb4 {
[%clk 0:38:33]} 24. Rec1 {[%clk 0:25:01]} 24... Rbd8 {[%clk 0:34:04]} 25. a3 {
[%clk 0:24:45]} 25... Nd5 {[%clk 0:30:49]} 26. Kh2 {[%clk 0:22:29]} 26... Nf4 {
[%clk 0:26:07]} 27. Rc3 {[%clk 0:20:27]} 27... Bg6 {[%clk 0:22:07]} 28. Re3 {
[%clk 0:19:38]} 28... Nd5 {[%clk 0:21:40]} 29. Ree1 {[%clk 0:19:20]} 29... Rd7
{[%clk 0:20:06]} 30. Nc4 {[%clk 0:17:49]} 30... Bc2 {[%clk 0:18:17]} 31. b4
31... Bd3 {[%clk 0:17:43]} 32. Nb2 {[%clk 0:17:24]} 32... Bg6 {[%clk 0:18:00]}
33. Nc4 {[%clk 0:17:36]} 33... h5 {[%clk 0:17:36]} 34. Kg3 {[%clk 0:16:43]}
34... Rfd8 {[%clk 0:16:11]} 35. Ne3 {[%clk 0:16:03]} 35... Nc3 {[%clk 0:15:34]}
36. a4 {[%clk 0:15:04]} 36... Ne4+ {[%clk 0:15:37]} 37. Kg2 Nd6 38. d5 Be4 39.
dxc6 Bxc6 40. gxh5 Kf7 41. Ng4 Nf5 42. Re3 Nh4+ 43. Kg3 Nxf3 44. Rxf3 Bxf3 45.
Kxf3 Rd3+ 46. Kg2 Rb3 47. Rc1 Rd7 48. Rc4 b5 49. axb5 axb5 50. Rf4 Rc7 51. h6
gxh6 52. Rxf6+ Kg7 53. Rxh6 Rxb4 54. Rf6 Rxg4+ 55. hxg4 Kxf6 56. f4 b4 57. Kg3
b3 58. f5 b2 59. Kf4 Rc4+ 60. Kf3 b1=Q 61. g5+ Kxf5 62. g6 Qd3+ 63. Kf2 Rc2+
64. Kg1 Qd1# 0-1

[Event "DEM U10 2019"]
[Site "Willingen GER"]
[Date "2019.06.12"]
[Round "7"]
[White "Fruth, David"]
[Black "Ermitsch, Magnus"]
[Result "0-1"]
[Termination "normal"]
[Board "4"]
[WhiteElo "1423"]
[BlackElo "1843"]
[WhiteClock "00:40:04"]
[BlackClock "00:01:33"]
[PlyCount "60"]
[WhiteFideId "16257596"]
[BlackFideId "16234464"]
[EventCountry "GER"]
[EventRounds "11"]
[EventType "swiss"]
[EventDate "2019.06.08"]

1. e4 {[%clk 1:15:58]} 1... c5 {[%clk 1:15:22]} 2. Nf3 {[%clk 1:16:24]} 2... e6
{[%clk 1:15:19]} 3. d4 {[%clk 1:16:47]} 3... cxd4 {[%clk 1:15:00]} 4. Nxd4 {
[%clk 1:17:07]} 4... Nc6 {[%clk 1:14:48]} 5. Nc3 {[%clk 1:17:16]} 5... Qc7 {
[%clk 1:14:26]} 6. Nxc6 {[%clk 1:17:32]} 6... bxc6 {[%clk 1:13:54]} 7. Bd3 {
[%clk 1:17:53]} 7... e5 {[%clk 1:07:54]} 8. O-O {[%clk 1:16:58]} 8... Bc5 {
[%clk 1:02:01]} 9. Qg4 {[%clk 1:15:50]} 9... Kf8 {[%clk 0:53:24]} 10. Bg5 {
[%clk 1:12:53]} 10... f6 {[%clk 0:47:03]} 11. Bd2 {[%clk 1:07:53]} 11... d6 {
[%clk 0:43:04]} 12. Qg3 {[%clk 1:05:10]} 12... h5 {[%clk 0:42:07]} 13. h3 {
[%clk 1:05:19]} 13... h4 {[%clk 0:39:26]} 14. Qh2 {[%clk 1:04:15]} 14... a6 {
[%clk 0:36:48]} 15. Kh1 {[%clk 1:04:26]} 15... g5 {[%clk 0:32:51]} 16. Na4 {
[%clk 1:01:59]} 16... Ba7 {[%clk 0:32:53]} 17. Bc4 {[%clk 1:01:01]} 17... Nh6 {
[%clk 0:29:03]} 18. Rad1 {[%clk 0:58:45]} 18... Rb8 {[%clk 0:26:54]} 19. a3 {
[%clk 0:49:15]} 19... Qg7 {[%clk 0:10:00]} 20. Be2 {[%clk 0:46:48]} 20... Ke7 {
[%clk 0:08:54]} 21. Bb4 {[%clk 0:46:51]} 21... Rxb4 {[%clk 0:03:19]} 22. axb4 {
[%clk 0:47:05]} 22... g4 {[%clk 0:03:33]} 23. g3 {[%clk 0:45:43]} 23... Nf7 {
[%clk 0:02:18]} 24. gxh4 {[%clk 0:44:48]} 24... Rxh4 {[%clk 0:02:19]} 25. Rd3 {
[%clk 0:45:00]} 25... Ng5 {[%clk 0:00:38]} 26. f4 {[%clk 0:42:04]} 26... gxf3 {
[%clk 0:00:35]} 27. Rfxf3 {[%clk 0:41:53]} 27... Nxf3 {[%clk 0:00:54]} 28. Rxf3
{[%clk 0:41:55]} 28... Bxh3 {[%clk 0:00:52]} 29. Rxh3 {[%clk 0:41:59]} 29...
Rxh3 {[%clk 0:01:15]} 30. b5 {[%clk 0:40:04]} 30... Qg1# {[%clk 0:01:33]} 0-1